| 000 | 01516nam a22003975i 4500 | ||
|---|---|---|---|
| 999 |
_c27967 _d27938 |
||
| 003 | EG-ScBUE | ||
| 005 | 20200127122944.0 | ||
| 008 | 200127s2003 cc a g 000 0 chi d | ||
| 020 | _a7102028555 | ||
| 020 | _a9787102028552 | ||
| 040 |
_aEG-ScBUE _beng _erda _cEG-ScBUE _dEG-ScBUE |
||
| 041 | 1 |
_achi _aeng _hchi |
|
| 043 | _aa-cc--- | ||
| 082 | 0 | 4 |
_a951.00222 _bCHI _222 |
| 245 | 0 | 0 |
_a中國 = _bZhongguo = China / _c[presented by Ministry of Culture, People's Republic of China ; editors, Qu Yan, Shi Guorui, Yang Fan ; translated by Rainbird Baron]. |
| 246 | 3 | 1 | _aZhongguo |
| 246 | 3 | 1 | _aChina |
| 250 |
_a第1版 = _bFirst edition. |
||
| 264 | 1 |
_aBeijing : _bPeople's Fine Arts Publishing House, _c2003. |
|
| 300 |
_a1 volume (unpaged) : _billustrations (color) ; _c33 cm |
||
| 336 |
_atext _btxt _2rdacontent |
||
| 337 |
_aunmediated _bn _2rdamedia |
||
| 338 |
_avolume _bnc _2rdacarrier |
||
| 500 | _aGreen Library copy dedicated to the library and signed by the Chinese Ambassador Zhon Wen Zhong on January 29th, 2008. | ||
| 546 | _aText and captions in Chinese and English. | ||
| 651 | 7 |
_aChina _vPictorial works. _2BUEsh |
|
| 651 | 7 |
_aChina _xSocial life and customs _vPictorial works. _2BUEsh |
|
| 653 |
_bHHUUCCHH _cJanuary2020 |
||
| 700 | 1 |
_aQu, Yan, _eeditor. |
|
| 700 | 1 |
_aShi, Guorui, _eeditor. |
|
| 700 | 1 |
_aYang, Fan, _eeditor. |
|
| 700 | 1 |
_aBaron, Rainbird, _etranslator. |
|
| 710 | 1 |
_aChina. _bMinistry of Culture |
|
| 942 |
_2ddc _cBB |
||